000 00343nam a2200133Ia 4500
008 151001s9999||||xx |||||||||||||| ||und||
100 _aए के मिश्रा
245 _aप्राथमिक उपचार
250 _a1
260 _bअपराजिता
260 _c2008
300 _a24
365 _b21
999 _c990615
_d990612